Medzioperačný transfer vo viackomorových ultrazvukových čističkách : Diplomová práca

Salvato in:
Dettagli Bibliografici
Autore principale: Mikulíček, Miroslav (Autore)
Altri autori: Kopča, Peter (xxx)
Natura: Manoscritto Libro
Lingua:slovacco
Pubblicazione: Trnava : STU v Bratislave MtF KOOS , 1995
Soggetti:
Tags: Aggiungi Tag
Nessun Tag, puoi essere il primo ad aggiungerne!!

MARC

LEADER 00000ntm a22000003a 4500
001 stu92717
005 20160719154543.2
008 050202s1995----xo------------------slo-d
040 |a STU  |b slo 
041 0 |a slo 
044 |a xo 
100 1 |a Mikulíček, Miroslav  |4 aut 
245 1 |a Medzioperačný transfer vo viackomorových ultrazvukových čističkách :  |b Diplomová práca 
260 |a Trnava :  |b STU v Bratislave MtF KOOS ,  |c 1995 
300 |a 49 s  |c príl 
650 7 |a Strojárska technológia-obrábanie  |2 stusub 
700 1 |a Kopča, Peter  |4 xxx 
996 |b 284M037914  |c M*DP-2899  |l MMSKP  |s P  |a 0  |w stu92717_0001